Best Footballer from Each Country - Statistics

General Stats
  • This quiz has been taken 94 times
  • The average score is 17 of 29
Answer Stats
Country Club Answer % Correct
France Paris Saint-Germain Kylian Mbappe
95%
England Tottenham Hotspur Harry Kane
94%
USA Chelsea Christian Pulisic
93%
Wales Real Madrid Gareth Bale
92%
Argentina Paris Saint-Germain Lionel Messi
90%
Portugal Manchester United Christiano Ronaldo
88%
Brazil Paris Saint-Germain Neymar
83%
Egypt Liverpool Mohammed Salah
82%
Korea Republic Tottenham Hotspur Son Hueng-Min
80%
Germany Bayern Munich Thomas Muller
80%
Costa Rica Paris Saint-Germain Keylor Navas
77%
Spain Paris Saint-Germain Sergio Ramos
77%
Uruguay Manchester United Edinson Cavani
76%
Morocco Paris Saint-Germain Achraf Hakimi
75%
Algeria Manchester City Riyad Mahrez
73%
Mexico Napoli Hirving Lozano
58%
Italy Juventus Giorgio Chiellini
57%
Guinea Liverpool Naby Keita
57%
Chile Internazional Arturo Vidal
54%
Senegal Chelsea Edouard Mendy
54%
Columbia Rayo Vallecano Radamel Falcao
45%
Japan PAOK Thessaloniki Shinji Kagawa
25%
China Espanyol Wu Lei
23%
Kenya CF Montreal Victor Wanyama
21%
Turkey Galatasaray Arda Turan
19%
Tanzania Antwerp Mbwana Samatta
13%
Mali Liverpool Adama Koulibaly
10%
Iran Feyenoord Alireza Jahanbakhsh
8%
India Bengaluru Sunil Chhetri
7%
No matching quizzes found
Score Distribution
Percent of People with Each Score
Percentile by Number Answered
Your Score History
You have not taken this quiz